00812 2200289 4500001002100000005001700021008004100038020002200079035002400101040001200125082001400137084001800151100001700169245010600186250001100292260003000303300003100333440002300364650001200387700001500399700001900414700002300433850001200456990001800468990001800486990001800504INLIS00000000001797120170313134138.0  a978-602-242-770-4 0010-021600000001059 aYOPDYOG 223a398.2 aK 398.2 Eka A aEka Wardhana aAku sayang kakakc/ Eka Wardhana ; ilustrator, M.Isnaeni ; editor, Dadan Ramadhan, Yulia Nurul Irawan aCet.1. aBandungbDAR! Mizanc2015 a20 hlm.b: ilus.c; 18 cm. aSeri cerita balita aDongeng aIsnaeni, M aDadan Ramadhan aYulia Nurul Irawan aYOPDYOG a27554-PD/B.15 a27555-PD/B.15 a27556-PD/B.15